000
00232nam a2200097Ia 4500
001
1221309
005
20250827092826.0
008
250824s9999 xx 000 0 und d
245
0
_a
O AN
_c
M BARIŞ MUSLU
260
_b
DOĞAN YAYINCILIK
999
_c
1221309
_d
1221309